000 00540nam a2200193Ia 4500
005 20250326144942.0
008 250326s9999 xx 000 0 und d
020 _a0-538-86137-1
037 _aTextbook
040 _aFMSL
_beng
_cFMSL
041 _aeng
_2eng
084 _aX:9.1 N8
_qFMSL
100 _aDwoling P J
_9750367
245 0 _aInternational human resource management
_cDwoling P J And Others
260 _aLondon
_bLondon, Thomson
_c1998
300 _a324p
942 _cTB
_hX:9.1 N8
999 _c1305771
_d1305771